[Event "RE-2019-0-00213"]
[Site "LSS email"]
[Date "2019.12.23"]
[Round "?"]
[White "Courteille, Thierry"]
[Black "Simonov, Nikolaj"]
[Result "0-1"]
[WhiteElo "1396"]
[BlackElo "800"]
[PlyCount "31"]
[EventDate "2019.05.28"]
[EventType "tourn (corr)"]
[EventRounds "6"]
[EventCountry "GER"]
[SourceTitle "Corr 2022"]
[Source "ChessBase"]
[SourceDate "2021.10.24"]
[SourceVersion "1"]
[SourceVersionDate "2021.10.24"]
[SourceQuality "1"]

1. d4 Nf6 2. c4 e6 3. Nc3 Bb4 4. Qc2 0-0 5. e3 c5 6. Nf3 cxd4 7. exd4 d5 8. a3 Bxc3+ 9. bxc3 Qc7 10. cxd5 exd5 11. Bd3 Re8+ 12. Be3 b6 13. 0-0 Ba6 14. Rac1 Bxd3 15. Qxd3 Nbd7 16. c4 0-1

[Event "LSS No Engine Cup 196 Preliminary 0"]
[Site "LSS email"]
[Date "2019.12.19"]
[Round "?"]
[White "Zmolil, Karel"]
[Black "Courteille, Thierry"]
[Result "1-0"]
[WhiteElo "1394"]
[BlackElo "1574"]
[PlyCount "61"]
[EventDate "2019.12.20"]
[EventType "tourn (corr)"]
[EventRounds "6"]
[EventCountry "GER"]
[SourceTitle "Corr 2022"]
[Source "ChessBase"]
[SourceDate "2021.10.24"]
[SourceVersion "1"]
[SourceVersionDate "2021.10.24"]
[SourceQuality "1"]

1. e4 c5 2. Nf3 d6 3. d4 cxd4 4. Nxd4 Nf6 5. Nc3 a6 6. Be2 e5 7. Nb3 Be7 8. 0-0 0-0 9. Bf3 Be6 10. Nd5 Nbd7 11. Bg5 Nxd5 12. exd5 Bf5 13. Bxe7 Qxe7 14. Re1 Rac8 15. c3 Qh4 16. g3 Qh6 17. h4 Nf6 18. Kg2 e4 19. Be2 g5 20. Qd2 Rce8 21. Qxg5+ Qxg5 22. hxg5 Nxd5 23. Nd4 Bg6 24. Bg4 f5 25. gxf6 Rxf6 26. Re2 e3 27. f4 Be4+ 28. Bf3 Bxf3+ 29. Kxf3 Rg6 30. Rae1 Nf6 31. Rxe3 1-0

[Event "RE-2019-0-00216"]
[Site "LSS email"]
[Date "2019.12.16"]
[Round "?"]
[White "Courteille, Thierry"]
[Black "Wilshusen, Horst"]
[Result "0-1"]
[WhiteElo "1396"]
[BlackElo "1191"]
[PlyCount "31"]
[EventDate "2019.11.07"]
[EventType "tourn (corr)"]
[EventRounds "6"]
[EventCountry "GER"]
[SourceTitle "Corr 2022"]
[Source "ChessBase"]
[SourceDate "2021.10.24"]
[SourceVersion "1"]
[SourceVersionDate "2021.10.24"]
[SourceQuality "1"]

1. d4 Nf6 2. c4 e6 3. Nc3 Bb4 4. Qc2 c5 5. e3 Nc6 6. Nf3 d5 7. cxd5 exd5 8. dxc5 Bxc5 9. Bb5 0-0 10. 0-0 Re8 11. Rd1 a6 12. Bd3 Bf8 13. a3 Bg4 14. b4 g6 15. Bb2 Bg7 16. Nxd5 0-1

[Event "SE-2019-0-00306"]
[Site "LSS email"]
[Date "2019.12.11"]
[Round "?"]
[White "Simonov, Nikolaj"]
[Black "Courteille, Thierry"]
[Result "1-0"]
[WhiteElo "800"]
[BlackElo "1396"]
[PlyCount "36"]
[EventDate "2019.10.06"]
[EventType "tourn (corr)"]
[EventRounds "6"]
[EventCountry "GER"]
[SourceTitle "Corr 2022"]
[Source "ChessBase"]
[SourceDate "2021.10.24"]
[SourceVersion "1"]
[SourceVersionDate "2021.10.24"]
[SourceQuality "1"]

1. d4 d5 2. Nf3 c6 3. Bf4 Nf6 4. Nbd2 Nbd7 5. h3 e6 6. e3 c5 7. c3 Be7 8. a4 0-0 9. Bd3 b6 10. Ne5 Bb7 11. Qf3 Qc8 12. Qe2 cxd4 13. exd4 Bd6 14. 0-0 Re8 15. Rfc1 Qd8 16. Nxf7 Kxf7 17. Bxd6 e5 18. dxe5 Nxe5 1-0

[Event "ZL-2019-0-02196"]
[Site "LSS email"]
[Date "2019.12.10"]
[Round "?"]
[White "Shim Ng Min, Francis"]
[Black "Courteille, Thierry"]
[Result "1/2-1/2"]
[WhiteElo "1221"]
[BlackElo "1396"]
[PlyCount "86"]
[EventDate "2019.10.26"]
[EventType "match (corr)"]
[EventRounds "2"]
[EventCountry "GER"]
[SourceTitle "Corr 2022"]
[Source "ChessBase"]
[SourceDate "2021.10.24"]
[SourceVersion "1"]
[SourceVersionDate "2021.10.24"]
[SourceQuality "1"]

1. e4 d6 2. d4 Nf6 3. Nc3 Nbd7 4. f4 e5 5. Nf3 exf4 6. Bxf4 c6 7. Bd3 Qb6 8. Rb1 Be7 9. 0-0 0-0 10. Kh1 Nh5 11. Be3 Nhf6 12. e5 dxe5 13. Nxe5 Qc7 14. Nxd7 Bxd7 15. Bg5 Qd8 16. Ne2 Bg4 17. c3 Re8 18. Qc2 g6 19. Nf4 Kg7 20. h3 Bd7 21. Rbe1 Nd5 22. Nxd5 cxd5 23. Rxe7 Rxe7 24. Qd2 Qe8 25. Bf6+ Kg8 26. Qh6 Qf8 27. Qxf8+ Kxf8 28. Bxe7+ Kxe7 29. Re1+ Kf8 30. g4 Re8 31. Rxe8+ Kxe8 32. Kg2 Ke7 33. g5 f6 34. gxf6+ Kxf6 35. h4 Bf5 36. Be2 Be4+ 37. Kg3 b6 38. Kf4 h6 39. a3 g5+ 40. hxg5+ hxg5+ 41. Kg3 Bc2 42. Bg4 Bf5 43. Be2 Bc2 1/2-1/2

[Event "LSS No Engine Cup 163 Preliminary 0"]
[Site "LSS email"]
[Date "2016.12.04"]
[Round "?"]
[White "Courteille, Thierry"]
[Black "Neumann, Otto"]
[Result "1-0"]
[WhiteElo "1539"]
[BlackElo "1135"]
[PlyCount "27"]
[EventDate "2016.12.05"]
[EventType "tourn (corr)"]
[EventRounds "6"]
[EventCountry "GER"]
[SourceTitle "Corr 2022"]
[Source "ChessBase"]
[SourceDate "2021.10.24"]
[SourceVersion "1"]
[SourceVersionDate "2021.10.24"]
[SourceQuality "1"]

1. d4 Nf6 2. c4 d5 3. cxd5 Nxd5 4. e4 Nb6 5. Nc3 e6 6. Nf3 N8d7 7. Bf4 Nf6 8. Bd3 Be7 9. Nb5 Bd6 10. Qc1 Kd7 11. Nxd6 cxd6 12. Bxd6 Kxd6 13. Qc5+ Kd7 14. Bb5# 1-0

[Event "LSS No Engine Cup 163 Preliminary 0"]
[Site "LSS email"]
[Date "2016.12.04"]
[Round "?"]
[White "Courteille, Thierry"]
[Black "Perez, Fanta"]
[Result "1-0"]
[WhiteElo "1539"]
[BlackElo "1600"]
[PlyCount "65"]
[EventDate "2016.12.05"]
[EventType "tourn (corr)"]
[EventRounds "6"]
[EventCountry "GER"]
[SourceTitle "Corr 2022"]
[Source "ChessBase"]
[SourceDate "2021.10.24"]
[SourceVersion "1"]
[SourceVersionDate "2021.10.24"]
[SourceQuality "1"]

1. d4 d5 2. c4 e6 3. Nc3 Nf6 4. Bg5 Be7 5. e3 0-0 6. Nf3 c5 7. dxc5 dxc4 8. Bxc4 Nbd7 9. b4 b6 10. c6 Bxb4 11. Rc1 Nc5 12. Qxd8 Rxd8 13. Ke2 Ba6 14. Bxa6 Nxa6 15. Nb5 Rac8 16. Nxa7 Rc7 17. Nb5 Rcc8 18. e4 Bc5 19. e5 h6 20. Bh4 g5 21. Nxg5 hxg5 22. Bxg5 Nd5 23. Bxd8 Rxd8 24. h4 Rc8 25. h5 Rxc6 26. Rc4 Nb8 27. g4 Bf8 28. Rhc1 Rxc4 29. Rxc4 Bc5 30. g5 Nc6 31. f4 Na5 32. Ra4 Nc3+ 33. Nxc3 1-0

[Event "LSS No Engine Cup 163 Preliminary 0"]
[Site "LSS email"]
[Date "2016.12.04"]
[Round "?"]
[White "Lainez, Jorge"]
[Black "Courteille, Thierry"]
[Result "0-1"]
[WhiteElo "1286"]
[BlackElo "1539"]
[PlyCount "58"]
[EventDate "2016.12.05"]
[EventType "tourn (corr)"]
[EventRounds "6"]
[EventCountry "GER"]
[SourceTitle "Corr 2022"]
[Source "ChessBase"]
[SourceDate "2021.10.24"]
[SourceVersion "1"]
[SourceVersionDate "2021.10.24"]
[SourceQuality "1"]

1. e4 c5 2. d4 cxd4 3. Bf4 e5 4. Bg3 Nc6 5. Bb5 Qa5+ 6. Nd2 Qxb5 7. Ne2 Nf6 8. 0-0 Qxb2 9. f4 d6 10. Nc4 Qb5 11. fxe5 dxe5 12. Nxe5 Nxe5 13. Rb1 Qc5 14. Qxd4 Nc6 15. Qxc5 Bxc5+ 16. Kh1 Nxe4 17. Be1 0-0 18. Nf4 b6 19. Nd3 Bd6 20. Nf4 f5 21. Nd5 Ba6 22. Rf3 g5 23. Rfb3 Bc4 24. Rd3 Bxd3 25. cxd3 Nc5 26. d4 Nxd4 27. Nf6+ Rxf6 28. Bc3 Be5 29. Rd1 Rd8 0-1

[Event "SD-2016-0-00268"]
[Site "LSS email"]
[Date "2016.11.30"]
[Round "?"]
[White "Courteille, Thierry"]
[Black "Vogel, Helmut"]
[Result "1-0"]
[WhiteElo "1426"]
[BlackElo "1427"]
[PlyCount "43"]
[EventDate "2016.10.05"]
[EventType "tourn (corr)"]
[EventRounds "6"]
[EventCountry "GER"]
[SourceTitle "Corr 2022"]
[Source "ChessBase"]
[SourceDate "2021.10.24"]
[SourceVersion "1"]
[SourceVersionDate "2021.10.24"]
[SourceQuality "1"]

1. c4 e5 2. e3 Nf6 3. Nc3 Nc6 4. Nf3 Be7 5. d4 exd4 6. exd4 d5 7. c5 a6 8. Be2 0-0 9. 0-0 Be6 10. Re1 Re8 11. Bf4 Qd7 12. Rc1 Rab8 13. b4 Rbc8 14. Ne5 Qd8 15. Nxc6 bxc6 16. Bxa6 Rb8 17. b5 Bg4 18. Qd2 Bd7 19. a4 Nh5 20. Be3 g6 21. Ra1 Be6 22. bxc6 1-0

[Event "SD-2016-0-00268"]
[Site "LSS email"]
[Date "2016.11.30"]
[Round "?"]
[White "Helmbrecht, John R"]
[Black "Courteille, Thierry"]
[Result "1/2-1/2"]
[WhiteElo "1427"]
[BlackElo "1426"]
[PlyCount "44"]
[EventDate "2016.10.05"]
[EventType "tourn (corr)"]
[EventRounds "6"]
[EventCountry "GER"]
[SourceTitle "Corr 2022"]
[Source "ChessBase"]
[SourceDate "2021.10.24"]
[SourceVersion "1"]
[SourceVersionDate "2021.10.24"]
[SourceQuality "1"]

1. d4 d5 2. c4 c6 3. Nf3 Nf6 4. Nc3 Qb6 5. e3 Bg4 6. h3 Bf5 7. Bd3 Bxd3 8. Qxd3 dxc4 9. Qxc4 e6 10. 0-0 Nbd7 11. e4 Be7 12. Qe2 0-0 13. Rd1 Rfd8 14. Be3 Qa5 15. a3 Qh5 16. Rac1 Nf8 17. Qc2 Rac8 18. Qa4 a6 19. b4 Ng6 20. Qc2 Nh4 21. Nxh4 Qxh4 22. f3 Qg3 1/2-1/2

[Event "RE-2016-0-00180"]
[Site "LSS email"]
[Date "2016.11.30"]
[Round "?"]
[White "Kolanek, Sylwia"]
[Black "Courteille, Thierry"]
[Result "1-0"]
[WhiteElo "800"]
[BlackElo "1405"]
[PlyCount "51"]
[EventDate "2016.08.17"]
[EventType "tourn (corr)"]
[EventRounds "6"]
[EventCountry "GER"]
[SourceTitle "Corr 2022"]
[Source "ChessBase"]
[SourceDate "2021.10.24"]
[SourceVersion "1"]
[SourceVersionDate "2021.10.24"]
[SourceQuality "1"]

1. d4 d5 2. c4 c6 3. Nf3 Nf6 4. e3 Bf5 5. Nc3 e6 6. Nh4 Bg4 7. Qb3 b6 8. h3 Bh5 9. g4 dxc4 10. Bxc4 Ne4 11. Nxe4 Qxh4 12. Bxe6 fxe6 13. Qxe6+ Kd8 14. gxh5 Bb4+ 15. Nc3 Rf8 16. 0-0 Qxh5 17. Qg4 Qf7 18. e4 Nd7 19. e5 h5 20. Bg5+ Kc7 21. Qg3 Kb7 22. Ne4 Qd5 23. Qh4 Rfe8 24. a3 Bf8 25. Nc3 Qe6 26. Qxh5 1-0

[Event "LSS No Engine Cup 161 Preliminary 0"]
[Site "LSS email"]
[Date "2016.10.31"]
[Round "?"]
[White "Bearce, Harold L"]
[Black "Courteille, Thierry"]
[Result "0-1"]
[WhiteElo "881"]
[BlackElo "1482"]
[PlyCount "38"]
[EventDate "2016.10.31"]
[EventType "tourn (corr)"]
[EventRounds "6"]
[EventCountry "GER"]
[SourceTitle "Corr 2022"]
[Source "ChessBase"]
[SourceDate "2021.10.24"]
[SourceVersion "1"]
[SourceVersionDate "2021.10.24"]
[SourceQuality "1"]

1. e4 c5 2. Nf3 d6 3. d4 cxd4 4. Nxd4 Nf6 5. Nc3 a6 6. Be3 e5 7. Nb3 Be6 8. f3 d5 9. exd5 Bxd5 10. Nxd5 Nxd5 11. Bd2 Nc6 12. Bd3 Be7 13. Be4 0-0 14. 0-0 Qb6+ 15. Kh1 Rad8 16. a3 f5 17. Bd3 Nd4 18. Be2 Nxb3 19. cxb3 Ne3 0-1

[Event "LSS No Engine Cup 161 Preliminary 0"]
[Site "LSS email"]
[Date "2016.10.31"]
[Round "?"]
[White "Courteille, Thierry"]
[Black "Kraujunas, Vladas"]
[Result "1-0"]
[WhiteElo "1482"]
[BlackElo "1999"]
[PlyCount "43"]
[EventDate "2016.10.31"]
[EventType "tourn (corr)"]
[EventRounds "6"]
[EventCountry "GER"]
[SourceTitle "Corr 2022"]
[Source "ChessBase"]
[SourceDate "2021.10.24"]
[SourceVersion "1"]
[SourceVersionDate "2021.10.24"]
[SourceQuality "1"]

1. d4 d5 2. Nf3 e6 3. e3 Nf6 4. Bd3 c5 5. 0-0 Nc6 6. c3 Bd6 7. dxc5 Bxc5 8. Nbd2 0-0 9. e4 Qc7 10. exd5 exd5 11. Nb3 Bd6 12. h3 Re8 13. Be3 Ne4 14. Re1 a6 15. Nbd4 Bd7 16. Rc1 Na5 17. Rc2 Nc4 18. Bc1 f5 19. Rce2 b5 20. Bc2 b4 21. Nxf5 Bxf5 22. Qxd5+ 1-0

[Event "SE-2016-0-00237"]
[Site "LSS email"]
[Date "2016.10.16"]
[Round "?"]
[White "Casser, Aaron"]
[Black "Courteille, Thierry"]
[Result "1-0"]
[WhiteElo "1470"]
[BlackElo "1427"]
[PlyCount "79"]
[EventDate "2016.09.13"]
[EventType "tourn (corr)"]
[EventRounds "6"]
[EventCountry "GER"]
[SourceTitle "Corr 2022"]
[Source "ChessBase"]
[SourceDate "2021.10.24"]
[SourceVersion "1"]
[SourceVersionDate "2021.10.24"]
[SourceQuality "1"]

1. e4 d6 2. d4 Nf6 3. Nc3 Nbd7 4. f4 e5 5. Nf3 exd4 6. Qxd4 Be7 7. Be3 0-0 8. 0-0-0 Ng4 9. Bg1 Bf6 10. Qd3 Re8 11. h3 Nh6 12. Bd4 b6 13. g4 Bxd4 14. Nxd4 Nc5 15. Qg3 Kh8 16. Bg2 Bb7 17. Rhe1 Qd7 18. g5 Ng8 19. h4 Ne7 20. h5 Nc6 21. Nxc6 Qxc6 22. g6 fxg6 23. hxg6 h6 24. Rd2 Qd7 25. Bh3 Qe7 26. Rde2 Rad8 27. Re3 Qf6 28. e5 dxe5 29. fxe5 Qe7 30. Rf1 Rf8 31. Rxf8+ Rxf8 32. e6 Kg8 33. a3 Bc6 34. Kb1 Rf6 35. Re5 a6 36. Nd5 Bxd5 37. Rxd5 Kf8 38. Rd1 Kg8 39. Qg2 a5 40. Qd5 1-0

[Event "SE-2016-0-00237"]
[Site "LSS email"]
[Date "2016.10.16"]
[Round "?"]
[White "Courteille, Thierry"]
[Black "Barna, Zsolt"]
[Result "1/2-1/2"]
[WhiteElo "1427"]
[BlackElo "1588"]
[PlyCount "40"]
[EventDate "2016.09.13"]
[EventType "tourn (corr)"]
[EventRounds "6"]
[EventCountry "GER"]
[SourceTitle "Corr 2022"]
[Source "ChessBase"]
[SourceDate "2021.10.24"]
[SourceVersion "1"]
[SourceVersionDate "2021.10.24"]
[SourceQuality "1"]

1. d4 Nf6 2. c4 e5 3. dxe5 Ng4 4. Bf4 Nc6 5. Nf3 Bb4+ 6. Nbd2 Qe7 7. a3 Ngxe5 8. Nxe5 Nxe5 9. e3 Bxd2+ 10. Qxd2 d6 11. Qd4 b6 12. Be2 0-0 13. 0-0 Bb7 14. b4 Rfe8 15. Rad1 Nd7 16. Bg4 Ne5 17. Bxe5 Qxe5 18. Qxe5 Rxe5 19. Rd4 Rae8 20. Rfd1 f5 1/2-1/2

[Event "SE-2016-0-00237"]
[Site "LSS email"]
[Date "2016.10.16"]
[Round "?"]
[White "Drus, Michal"]
[Black "Courteille, Thierry"]
[Result "0-1"]
[WhiteElo "1600"]
[BlackElo "1427"]
[PlyCount "32"]
[EventDate "2016.09.13"]
[EventType "tourn (corr)"]
[EventRounds "6"]
[EventCountry "GER"]
[SourceTitle "Corr 2022"]
[Source "ChessBase"]
[SourceDate "2021.10.24"]
[SourceVersion "1"]
[SourceVersionDate "2021.10.24"]
[SourceQuality "1"]

1. e4 d6 2. d4 Nf6 3. Bg5 Nxe4 4. Nf3 Nxg5 5. Nxg5 e5 6. Bc4 Qxg5 7. Qf3 Qc1+ 8. Ke2 Qxc2+ 9. Ke3 Qxc4 10. Qe4 f5 11. Qh4 f4+ 12. Kd2 Qxd4+ 13. Kc2 Bf5+ 14. Kc1 Qe4 15. Na3 d5 16. Nb5 Qc2# 0-1

[Event "SE-2016-0-00237"]
[Site "LSS email"]
[Date "2016.10.16"]
[Round "?"]
[White "Lombart, Philippe"]
[Black "Courteille, Thierry"]
[Result "1-0"]
[WhiteElo "1296"]
[BlackElo "1427"]
[PlyCount "55"]
[EventDate "2016.09.13"]
[EventType "tourn (corr)"]
[EventRounds "6"]
[EventCountry "GER"]
[SourceTitle "Corr 2022"]
[Source "ChessBase"]
[SourceDate "2021.10.24"]
[SourceVersion "1"]
[SourceVersionDate "2021.10.24"]
[SourceQuality "1"]

1. d4 d5 2. c4 e6 3. Nc3 Nf6 4. Bg5 Be7 5. Nf3 0-0 6. e3 Nbd7 7. Qc2 h6 8. h4 c5 9. 0-0-0 cxd4 10. Nxd4 dxc4 11. Bxc4 a6 12. Be2 Qb6 13. g4 Kh8 14. Kb1 e5 15. Nf5 Bb4 16. Na4 Qe6 17. a3 b5 18. axb4 bxa4 19. f3 Qb6 20. Qd2 Rb8 21. e4 h5 22. gxh5 Qxb4 23. h6 g6 24. Nd6 a3 25. Qxb4 Rxb4 26. Rd2 Ng8 27. Bc4 f6 28. Be3 1-0

[Event "RE-2016-0-00177"]
[Site "LSS email"]
[Date "2016.10.03"]
[Round "?"]
[White "Obrien, Glenn"]
[Black "Courteille, Thierry"]
[Result "0-1"]
[WhiteElo "1327"]
[BlackElo "1382"]
[PlyCount "56"]
[EventDate "2016.07.13"]
[EventType "tourn (corr)"]
[EventRounds "6"]
[EventCountry "GER"]
[SourceTitle "Corr 2022"]
[Source "ChessBase"]
[SourceDate "2021.10.24"]
[SourceVersion "1"]
[SourceVersionDate "2021.10.24"]
[SourceQuality "1"]

1. e4 d6 2. d4 Nf6 3. Nc3 Nbd7 4. Nf3 e5 5. Bc4 Be7 6. 0-0 0-0 7. Re1 c6 8. a4 Qc7 9. h3 exd4 10. Nxd4 Ne5 11. Bb3 b6 12. f4 Ng6 13. Bc4 Re8 14. g4 Bb7 15. g5 Nxe4 16. Nxe4 d5 17. f5 Ne5 18. Bf4 dxc4 19. Bxe5 Qxe5 20. Nf6+ Bxf6 21. Rxe5 Bxe5 22. c3 c5 23. Nb5 Rad8 24. Qc2 Rd3 25. Nd6 Bxd6 26. a5 Rxh3 27. a6 Bc6 28. Rc1 Ree3 0-1

[Event "SE-2016-0-00236"]
[Site "LSS email"]
[Date "2016.10.03"]
[Round "?"]
[White "Obrien, Glenn"]
[Black "Courteille, Thierry"]
[Result "0-1"]
[WhiteElo "1401"]
[BlackElo "1401"]
[PlyCount "54"]
[EventDate "2016.08.06"]
[EventType "tourn (corr)"]
[EventRounds "6"]
[EventCountry "GER"]
[SourceTitle "Corr 2022"]
[Source "ChessBase"]
[SourceDate "2021.10.24"]
[SourceVersion "1"]
[SourceVersionDate "2021.10.24"]
[SourceQuality "1"]

1. e4 c5 2. Nf3 d6 3. d4 cxd4 4. Nxd4 a6 5. Nc3 Nf6 6. Bg5 Nc6 7. Qd2 Nxd4 8. Qxd4 Qa5 9. Bd2 e5 10. Qd3 Qc7 11. 0-0-0 Be6 12. f4 b5 13. fxe5 dxe5 14. Bg5 Be7 15. Bxf6 Bxf6 16. Nd5 Bxd5 17. exd5 Rd8 18. a4 bxa4 19. Qxa6 0-0 20. Qxa4 Ra8 21. Qb4 Rfb8 22. Qg4 Rxb2 23. Kxb2 e4+ 24. Kc1 Bc3 25. Ba6 Qa5 26. Qc8+ Rxc8 27. Bxc8 Qa1# 0-1

[Event "OP-2016-0-04173"]
[Site "LSS email"]
[Date "2016.10.02"]
[Round "?"]
[White "Ballarin, Alessandro"]
[Black "Courteille, Thierry"]
[Result "0-1"]
[WhiteElo "756"]
[BlackElo "1426"]
[PlyCount "52"]
[EventDate "2016.09.26"]
[EventType "tourn (corr)"]
[EventRounds "4"]
[EventCountry "GER"]
[SourceTitle "Corr 2022"]
[Source "ChessBase"]
[SourceDate "2021.10.24"]
[SourceVersion "1"]
[SourceVersionDate "2021.10.24"]
[SourceQuality "1"]

1. d4 d5 2. c4 e6 3. Nf3 Nf6 4. Nc3 Bb4 5. Bd2 0-0 6. e3 a6 7. cxd5 exd5 8. Bd3 Bd6 9. 0-0 Nc6 10. Re1 Re8 11. Qc2 Nb4 12. Qb1 Nxd3 13. Qxd3 Be6 14. Re2 Ne4 15. Ne1 Qh4 16. h3 Bf5 17. Nxe4 dxe4 18. Qb3 Bxh3 19. gxh3 Qxh3 20. f4 exf3 21. Nxf3 Qxf3 22. Rf2 Qg4+ 23. Kf1 Qh5 24. Rc1 Bg3 25. Rg2 Qh1+ 26. Rg1 Qf3# 0-1

[Event "RE-2016-0-00177"]
[Site "LSS email"]
[Date "2016.10.02"]
[Round "?"]
[White "Caviglia, Maximiliano"]
[Black "Courteille, Thierry"]
[Result "0-1"]
[WhiteElo "1239"]
[BlackElo "1382"]
[PlyCount "60"]
[EventDate "2016.07.13"]
[EventType "tourn (corr)"]
[EventRounds "6"]
[EventCountry "GER"]
[SourceTitle "Corr 2022"]
[Source "ChessBase"]
[SourceDate "2021.10.24"]
[SourceVersion "1"]
[SourceVersionDate "2021.10.24"]
[SourceQuality "1"]

1. e4 c5 2. Nc3 d6 3. g3 Nf6 4. Bg2 e5 5. Nge2 Be7 6. h3 0-0 7. d3 Bd7 8. 0-0 b5 9. Nd5 Nxd5 10. exd5 Re8 11. c3 Bf6 12. Be3 a5 13. Kh2 a4 14. a3 Bf5 15. Be4 Qd7 16. Ng1 Bg6 17. Qd2 Qb7 18. Rac1 Na6 19. f4 exf4 20. Bxf4 Bxe4 21. dxe4 Rxe4 22. Bxd6 Rae8 23. Rce1 Rxe1 24. Rxe1 Rxe1 25. Qxe1 Qd7 26. Bf4 h6 27. Qe4 c4 28. Be3 Nc7 29. Nf3 Qxd5 30. Qg4 Qd3 0-1

[Event "RE-2016-0-00175"]
[Site "LSS email"]
[Date "2016.08.09"]
[Round "?"]
[White "Courteille, Thierry"]
[Black "Obrien, Glenn"]
[Result "1/2-1/2"]
[WhiteElo "1369"]
[BlackElo "1345"]
[PlyCount "81"]
[EventDate "2016.06.25"]
[EventType "tourn (corr)"]
[EventRounds "6"]
[EventCountry "GER"]
[SourceTitle "Corr 2022"]
[Source "ChessBase"]
[SourceDate "2021.10.24"]
[SourceVersion "1"]
[SourceVersionDate "2021.10.24"]
[SourceQuality "1"]

1. d4 Nf6 2. c4 e6 3. Nf3 b6 4. e3 Bb7 5. Bd3 d5 6. cxd5 exd5 7. Nc3 Bd6 8. Nb5 Be7 9. Qa4 c6 10. Nc3 0-0 11. 0-0 b5 12. Qc2 Na6 13. a3 b4 14. Na4 Bd6 15. Bd2 bxa3 16. bxa3 Qc7 17. Nc3 Rfe8 18. Rfb1 Bc8 19. e4 dxe4 20. Nxe4 h5 21. Nxf6+ gxf6 22. Ba5 Qd7 23. Be4 Bb7 24. Rxb7 Qxb7 25. Bxc6 Qc8 26. Qa4 Re6 27. Bxa8 Qxa8 28. Qb5 Qb8 29. Qxh5 Bxa3 30. Qg4+ Kf8 31. d5 Qb2 32. Rd1 Re8 33. d6 Bxd6 34. Qd4 Qxd4 35. Rxd4 Bc7 36. Bxc7 Nxc7 37. h4 Kg7 38. Rd7 Nb5 39. h5 a5 40. Rb7 Nc3 41. Rc7 1/2-1/2

[Event "SE-2016-0-00232"]
[Site "LSS email"]
[Date "2016.08.07"]
[Round "?"]
[White "Courteille, Thierry"]
[Black "Martinez, Mari"]
[Result "0-1"]
[WhiteElo "1366"]
[BlackElo "1477"]
[PlyCount "54"]
[EventDate "2016.06.07"]
[EventType "tourn (corr)"]
[EventRounds "6"]
[EventCountry "GER"]
[SourceTitle "Corr 2022"]
[Source "ChessBase"]
[SourceDate "2021.10.24"]
[SourceVersion "1"]
[SourceVersionDate "2021.10.24"]
[SourceQuality "1"]

1. d4 d5 2. Bf4 g6 3. e3 Nf6 4. Nf3 Nh5 5. Bg5 Bg7 6. Be2 Nc6 7. c3 h6 8. Bh4 0-0 9. Nbd2 Qd6 10. c4 e5 11. dxe5 Nxe5 12. Nxe5 Qxe5 13. cxd5 Qxd5 14. e4 Qd4 15. Bxh5 gxh5 16. Rb1 f5 17. Qb3+ Kh7 18. f3 fxe4 19. Bf2 Qd3 20. fxe4 Qxb3 21. axb3 Bd7 22. Rc1 Bc6 23. 0-0 a6 24. Rfe1 Rae8 25. Rc4 Rf7 26. Bg3 h4 27. Bxh4 Bb5 0-1

[Event "SE-2016-0-00232"]
[Site "LSS email"]
[Date "2016.08.07"]
[Round "?"]
[White "Grimm, Wolfgang"]
[Black "Courteille, Thierry"]
[Result "1/2-1/2"]
[WhiteElo "1431"]
[BlackElo "1366"]
[PlyCount "132"]
[EventDate "2016.06.07"]
[EventType "tourn (corr)"]
[EventRounds "6"]
[EventCountry "GER"]
[SourceTitle "Corr 2022"]
[Source "ChessBase"]
[SourceDate "2021.10.24"]
[SourceVersion "1"]
[SourceVersionDate "2021.10.24"]
[SourceQuality "1"]

1. Nf3 d5 2. e3 Nf6 3. d4 Bg4 4. h3 Bf5 5. Nc3 e6 6. Bb5+ c6 7. Be2 Bd6 8. Nh4 Bg6 9. a4 Qc7 10. 0-0 Nbd7 11. Nxg6 hxg6 12. a5 0-0-0 13. a6 b5 14. Bd2 e5 15. Nb1 Rde8 16. Ba5 Nb6 17. dxe5 Bxe5 18. f4 Bd6 19. Qd4 c5 20. Qd2 c4 21. b4 cxb3 22. cxb3 Bc5 23. Kh1 Rxe3 24. Bxb5 Ng4 25. Be2 Qd7 26. f5 gxf5 27. Bxg4 fxg4 28. Qc2 Qd6 29. Qf5+ Nd7 30. Qxg4 Rg3 31. Qf4 Rhxh3+ 32. gxh3 Rg1+ 33. Kh2 Rxf1 34. Qxd6 Bxd6+ 35. Kg2 Rc1 36. Bd2 Rc2 37. Ra5 Nf6 38. Kf1 Rb2 39. Ra1 Ne4 40. Be1 Rxb3 41. Nd2 Rxh3 42. Nxe4 dxe4 43. Rc1+ Kd7 44. Rb1 Ke6 45. Rb7 Bc5 46. Bb4 Rf3+ 47. Kg2 Bd4 48. Re7+ Kd5 49. Be1 f5 50. Bh4 Ra3 51. Rd7+ Kc4 52. Rf7 Rxa6 53. Rxf5 Ra2+ 54. Kh3 a5 55. Kg4 a4 56. Bg3 a3 57. Ra5 Ra1 58. Ra4+ Kc3 59. Kf5 a2 60. Kxe4 Bf6 61. Ra8 Kb3 62. Rb8+ Kc2 63. Rc8+ Kd2 64. Bf4+ Ke2 65. Rc2+ Kf1 66. Be3 Ke1 1/2-1/2